| 000 | 00828nam a2200277 i 4500 | ||
|---|---|---|---|
| 003 | DO-SdBNP | ||
| 005 | 20250508090806.0 | ||
| 007 | ta | ||
| 008 | 250508t2002 xxuc 000 0 spa d | ||
| 040 |
_aDO-SdBNP _bspa _cBNPHU _erda |
||
| 082 |
_axxx _bN135 _222 |
||
| 100 | 1 |
_aNader, Gary _eautor _4aut. _919701 |
|
| 245 | 1 | 3 |
_aMarc Chagall / _cGary Nader |
| 264 | 1 |
_aMiami, Florida, Estados Unidos : _b[editor no identificado], _c[2002]. |
|
| 300 |
_a[60] páginas _bretratos _c28 cm. |
||
| 336 |
_atexto _btxt _2rdacontent |
||
| 337 |
_asin mediación _bn _2rdamedia |
||
| 338 |
_avolumen _bnc _2rdacarrier |
||
| 500 | _aPaginas laminadas. | ||
| 500 | _aLibro en pasta dura. | ||
| 500 | _aLibro en ingles. | ||
| 504 | _aBibliografía p: [60]. | ||
| 590 | _aInventariado, 2025/ YL | ||
| 910 | _aYLockward | ||
| 942 |
_2ddc _cLBS1 |
||
| 999 |
_c58963 _d58963 |
||